000 00499nam a2200181Ia 4500
005 20250326141043.0
008 250326s9999 xx 000 0 und d
037 _aTextbook
040 _aFMSL
_beng
_cFMSL
041 _aeng
_2eng
084 _qFMSL
100 _aRajakutty S
_9743594
245 0 _aExperience in implementation of innovative employment programmes
_cRajakutty S
260 _aHyderabad
_bHyderabad, NIRD
_c1998
300 _a472p
942 _cTB
999 _c1288490
_d1288490